History Quiz

Random History or War Quiz

USN Aircraft Carriers (All-Time) Quiz Stats

 Plays Quiz Updated Oct 28, 2020

Support Sporcle.
Go Orange.
Score 0/69 Timer 10:00
7 Plays Today
Hull Number Carrier Name % Correct
CVN-76Ronald Reagan
85.7%
CV-6Enterprise
85%
CVN-65Enterprise
85%
CVN-80Enterprise
84.9%
CVN-77George H. W. Bush
84.1%
CV-67John F. Kennedy
83.7%
CVN-79John F. Kennedy
83.6%
CVN-73George Washington
83.1%
CVN-71Theodore Roosevelt
82.3%
CVB-42Franklin D. Roosevelt
82%
CVN-72Abraham Lincoln
81.3%
CVN-69Dwight D. Eisenhower
78.9%
CVN-78Gerald R. Ford
77.4%
CVN-68Nimitz
76.2%
CVN-75Harry S. Truman
74.5%
CV-5Yorktown
71.9%
CV-10Yorktown
71.9%
CV-8Hornet
70.2%
CV-12Hornet
70.2%
CV-2Lexington
69.2%
CV-16Lexington
69.2%
CV-3Saratoga
67.3%
CVA-60Saratoga
67.3%
CV-7Wasp
64.9%
CV-18Wasp
64.9%
CVB-41Midway
63%
CV-1Langley
58.8%
CVL-27Langley
58.8%
CV-66America
58.3%
CVN-74John C. Stennis
57.9%
CV-13Franklin
57.6%
CV-11Intrepid
56.9%
CV-4Ranger
56.5%
CVB-43Coral Sea
56.5%
CV-61Ranger
56.5%
Hull Number Carrier Name % Correct
CVN-70Carl Vinson
56.4%
CVA-59Forrestal
55.7%
CV-63Kitty Hawk
55.7%
CVL-22Independence
55.7%
CV-62Independence
55.7%
CV-9Essex
55.4%
CV-17Bunker Hill
55%
CV-64Constellation
51.2%
CV-14Ticonderoga
48.8%
CVL-23Princeton
47.4%
CV-37Princeton
47.4%
CVA-34Oriskany
45.6%
CV-36Antietam
43.8%
CV-32Leyte
43.8%
CVL-47Philippine Sea
43.7%
CV-31Bon Homme Richard
43.3%
CV-45Valley Forge
43%
CVL-25Cowpens
42.3%
CVL-24Belleau Wood
42.1%
CV-21Boxer
42%
CV-40Tarawa
41.8%
CV-38Shangri-la
41.2%
CVL-48Saipan
40.9%
CV-19Hancock
40.2%
CV-20Bennington
39.8%
CVL-49Wright
38.7%
CVL-30San Jacinto
38%
CVL-29Bataan
37.4%
CV-15Randolph
37.1%
CV-33Kearsarge
36.3%
CV-39Lake Champlain
36%
CVL-26Monterey
35.4%
CVL-28Cabot
35.1%
CV-35Reprisal
33.4%

From the Vault

Ferrell Not Carrey

by BigRed78

Movies 3m
Sometimes things get confusing. Imagine if they started playing each other.
Remove Ads.
Support Sporcle.
Get the best of Sporcle when you Go Orange. This ad-free experience offers more features, more stats, and more fun while also helping to support Sporcle. Thank you for becoming a member.

Show Comments

Extras

Top Quizzes Today


Score Distribution

Your Account Isn't Verified!

In order to create a playlist on Sporcle, you need to verify the email address you used during registration. Go to your Sporcle Settings to finish the process.

Report this User

Report this user for behavior that violates our Community Guidelines.

Details: